| 000 | 00662cam a22001938i 4500 | ||
|---|---|---|---|
| 020 | _a9781119180647 (cloth) | ||
| 082 | 0 | 0 | _a630.2/515 |
| 245 | 0 | 0 |
_aFood security and climate change / _cedited by Shyam S. Yadav, Robert John Redden, Jerry L. Hatfield, Andreas W. Ebert. |
| 250 | _aFirst edition. | ||
| 300 | _apages cm | ||
| 504 | _aIncludes bibliographical references and index. | ||
| 650 | 0 |
_aCrops and climate. _981031 |
|
| 650 | 0 |
_aFood security _981032 |
|
| 700 | 1 |
_aYadav, S. S. _981033 |
|
| 942 |
_2ddc _cBK |
||
| 999 |
_c585973 _d585973 |
||